| 000 | 02225cam a22003854a 4500 | ||
|---|---|---|---|
| 999 |
_c232766 _d232766 |
||
| 001 | 12266264 | ||
| 003 | Nust | ||
| 005 | 20180117090023.0 | ||
| 008 | 001227s2001 dcua b 001 0 eng | ||
| 010 | _a 00013087 | ||
| 020 | _a1559639008 (cloth : alk. paper) | ||
| 020 | _a1559639016 (paper : alk. paper) | ||
| 040 |
_aDLC _cDLC _dDLC |
||
| 042 | _apcc | ||
| 043 | _an-us--- | ||
| 050 | 0 | 0 |
_aSD143 _b.B48 2001 |
| 082 | 0 | 0 |
_a333.75/16/0973 _221 |
| 100 | 1 | _aBest, Constance. | |
| 245 | 1 | 0 |
_aAmerica's private forests : _bstatus and stewardship / _cConstance Best and Laurie A. Wayburn. |
| 260 |
_aWashington, DC : _bIsland Press, _cc2001. |
||
| 300 |
_axxx, 268 p. : _bill. ; _c24 cm. |
||
| 504 | _aIncludes bibliographical references (p. 245-254). | ||
| 505 | 8 | _aMachine generated contents note: Part One -- An Overview of America's Private Forests 1 -- Chapter 1: Who Owns the Forest and Why? 5 -- Chapter 2: The Nature of America's Private Forests 41 -- Chapter 3: Threats to Private Forests and Barriers to Their Conservation 97 --Part Two -- The Conservation Toolbox and How to Use It 117 -- Chapter 4: Public Programs and Policies for Private Forests 121 -- Chapter 5: Cultural Tools: Communication, Education, and Assistance 143 -- Chapter 6: Financial Mechanisms and Markets for Conservation 165 -- Chapter 7: An Action Plan to Accelerate the Conservation of Private Forests 187. | |
| 650 | 0 |
_aPrivate forests _zUnited States. |
|
| 650 | 0 |
_aForest conservation _zUnited States. |
|
| 650 | 0 |
_aForest management _zUnited States. |
|
| 650 | 0 |
_aForest policy _zUnited States. |
|
| 700 | 1 | _aWayburn, Laurie A. | |
| 856 | 4 | 1 |
_3Table of contents _uhttp://www.loc.gov/catdir/toc/fy034/00013087.html |
| 856 | 4 | 2 |
_3Publisher description _uhttp://www.loc.gov/catdir/enhancements/fy0666/00013087-d.html |
| 906 |
_a7 _bcbc _corignew _d1 _eecip _f20 _gy-gencatlg |
||
| 942 |
_2ddc _cBK |
||